000
00269nam a2200097Ia 4500
082
_a
822.4 TWO
245
0
_a
2 + 2 plays
100
_a
Baxter Theatre (Cape Town, South Africa) Cape Town, 2000
_9
53458
942
_c
BK
008
210817s9999 xx 000 0 und d
999
_c
169561
_d
169560